000 00843nas a2200289 4500
001 BR2011001942
003 BR-BrBNA
005 20231205114924.0
007 ta
008 230509b bl.|||p| |||| 00| 00por d
040 _aBR-BrBNA
_bpor
_cBiblioteca Nacional de Agricultura
041 _a(Pt)
072 _aF02
100 1 _aOliveira, R.P. de
100 1 _aRocha, P.S.G. da
100 1 _aGularte, V.F.
100 1 _aScivittaro, W.B.
245 1 _aMicropropagação de framboeseira em diferentes concentrações de ferro
650 _aFRAMBOESA
650 _aCULTURA DE TECIDO
650 _aMICROPROPAGAÇÃO
650 _aMUDA
650 _aFERRO
773 0 _tCiência Rural (Brazil)
_xISSN 0103-8478
_g(Dec 2010), v. 40(12) p. 2598-2602
_wBR2011001942
909 _a202311
_bLúcia
_c55
_dLúcia Elande
942 _2AGRIS
_n0
_cANA
999 _c211227
_d211227